000 00591cam a22002291 4500
001 sa 68007982
003 DLC
005 20260227112527.0
008 891228s1968 ii 000 0 hino
010 _asa 68007982
035 _a(OCoLC)20832293
040 _aDLC
_cWaU
_dDLC
042 _apremarc
043 _aa-ii---
050 0 0 _aPK2031
_b.S417
100 1 _aSharma, Rajnath,
_d1922-
245 1 0 _aHindī-sāhitya kā vivecanātmaka itihāsa.
260 _c[1968]
300 _a5, 7, 817 p.
_c23 cm.
500 _aIn Hindi.
650 0 _aHindi literature
_xHistory and criticism.
999 _c82156
_d82156